LIBRARY & INFORMATION CENTRE, KCAET, TAVANUR

ONLINE PUBLIC ACCESS CATALOGUE (OPAC)

A Textbook of Internal Combustion Engines (Including Air Compressors, Gas Turbines and Jet Propulsion) - S.I. Units (Record no. 14734)

MARC details
000 -LEADER
fixed length control field 00400nam a22001217a 4500
020 ## - INTERNATIONAL STANDARD BOOK NUMBER
ISBN 8131800660
082 ## - DEWEY DECIMAL CLASSIFICATION NUMBER
Classification number 621.43
Item number RAJ/TE
100 ## - MAIN ENTRY--AUTHOR NAME
Personal name Rajput,R.K.
245 ## - TITLE STATEMENT
Title A Textbook of Internal Combustion Engines (Including Air Compressors, Gas Turbines and Jet Propulsion) - S.I. Units
260 ## - PUBLICATION, DISTRIBUTION, ETC. (IMPRINT)
Place of publication New Delhi
Name of publisher Laxmi Publications (P) Ltd
Year of publication 2012
300 ## - PHYSICAL DESCRIPTION
Number of Pages 904, Question Bank - extra
942 ## - ADDED ENTRY ELEMENTS (KOHA)
Koha item type Book Bank scheme for SC students
Holdings
Withdrawn status Lost status Damaged status Collection code Home library Current library Shelving location Date acquired Source of acquisition Cost, normal purchase price Full call number Accession Number Koha item type
        KAUAET KAUAET Scheme 25/08/2016 Calicut Books, Calicut. 550.00 621.43 RAJ/TE BB 245 Book Bank scheme for SC students
free website counter